Detalles MARC
| 000 -LÍDER |
| Campo fijo de descripción fija |
01396aam a2200373 i 4500 |
| 001 - NÚMERO DE CONTROL |
| Campo de control |
768714001 |
| 003 - IDENTIFICADOR DEL NÚMERO DE CONTROL |
| Campo de control |
CO-MdFUSB |
| 005 - FECHA Y HORA DE LA ULTIMA TRANSACCIÓN |
| control field |
20240125120341.0 |
| 007 - CAMPO FIJO DE DESCRIPCIÓN FIJA--INFORMACIÓN GENERAL |
| Campo fijo de descripción fija |
ta |
| 008 - ELEMENTOS DE LONGITUD FIJA -- INFORMACIÓN GENERAL |
| Campo fijo de descripción fija -- Información general |
231031t19991999spa||||g |||| 00| 0 spa d |
| 020 ## - NÚMERO INTERNACIONAL NORMALIZADO PARA LIBROS |
| Número Internacional Normalizado del libro |
8434474689 |
| 040 ## - FUENTE DE CATALOGACIÓN |
| Agencia de catalogación original |
CO-MdFUSB |
| Idioma de catalogación |
spa |
| Agencia que realiza la transcripción |
CO-MdFUSB |
| Agencia que realiza la modificación |
CO-MdFUSBC |
| Convenciones de la descripción |
rda |
| 041 ## - CÓDIGO DE IDIOMA |
| Código de idioma para texto/pista de sonido o título separado |
spa |
| 082 ## - NÚMERO DE CLASIFICACIÓN DECIMAL DEWEY |
| Número de la edición del Dewey |
23 |
| Número de clasificación |
362.76 |
| Clave de autor-Numero de item |
V795 |
| 245 ## - TÍTULO |
| Título del Material |
Violencia contra niños |
| Mención de responsabilidad, etc. |
/ editado por José Sanmartín |
| 250 ## - MENCIÓN DE EDICIÓN |
| Mención de edición |
1° edición |
| 264 #1 - PRODUCCIÓN, PUBLICACIÓN, DISTRIBUCIÓN, MANUFACTURA, Y COPYRIGHT |
| Lugar de producción, publicación, distribución, manufactura |
Barcelona, España : |
| Nombre del productor, publicador, distribuidor |
Ariel, |
| Fecha de producción, publicación, distribución, manufactura, o copyright |
[1999] |
| 264 #4 - PRODUCCIÓN, PUBLICACIÓN, DISTRIBUCIÓN, MANUFACTURA, Y COPYRIGHT |
| Fecha de producción, publicación, distribución, manufactura, o copyright |
©1999 |
| 300 ## - DESCRIPCIÓN FÍSICA |
| Extensión |
222 páginas |
| Dimensiones |
; 21 cm |
| 336 ## - TIPO DE CONTENIDO |
| Fuente |
rdacontent |
| Término de tipo de contenido |
texto |
| Código de tipo de contenido |
txt |
| 337 ## - TIPO DE MEDIO |
| Fuente |
rdamedia |
| Nombre del tipo de medio |
sin mediación |
| Código del tipo de medio |
n |
| 338 ## - TIPO DE SOPORTE |
| Fuente |
rdacarrier |
| Nombre del tipo de soporte |
volumen |
| Código Tipo de soporte |
nc |
| 490 ## - MENCIÓN DE SERIE |
| Mención de serie |
Estudios sobre violencia |
| 504 ## - NOTA DE BIBLIOGRAFÍA, ETC. |
| Nota de bibliografía, etc |
Incluye índice y bibliografía |
| 505 ## - NOTA DE CONTENIDO |
| Título |
Primera parte: Maltrato físico, maltrato emocional y negligencia |
| Nota de contenido con formato preestablecido |
Conceptos, tipos e incidencia -- Factores de riesgo -- Prevención y tratamiento. |
| 505 ## - NOTA DE CONTENIDO |
| Título |
Segunda parte: Abuso sexual |
| Nota de contenido con formato preestablecido |
Concepto, factores de riesgo y efectos psicopatológicos -- Efectos neurológicos -- Prevención y tratamiento. |
| 505 ## - NOTA DE CONTENIDO |
| Título |
Tercera parte: Victimología infantil |
| Nota de contenido con formato preestablecido |
Factores de riesgo -- Efectos -- Prevención y tratamiento. |
| 563 ## - NOTA DE ENCUADERNACIÓN |
| Nota de encuadernación |
Rústico. |
| 650 #7 - ASIENTO SECUNDARIO DE MATERIA - TERMINO TEMÁTICO |
| 9 (RLIN) |
2659 |
| Término temático o nombre geográfico como elemento de entrada |
Violencia en niños |
| 653 ## - TÉRMINO DE INDIZACIÓN - NO CONTROLADO |
| Término no controlado |
Abuso de niños. |
| 700 ## - ASIENTO SECUNDARIO - NOMBRE PERSONAL |
| 9 (RLIN) |
8995 |
| Nombre personal |
Sanmartín, José, |
| Responsabilidad |
editor |
| 942 ## - TIPO DE MATERIAL (KOHA) |
| Tipo de Item KOHA |
Libros General |
| 945 ## - INFORMACIÓN LOCAL DEL REGISTRO |
| Catalogador |
sor1564 |